| 000 | 00894nac a22002531u 4500 | ||
|---|---|---|---|
| 010 | _a 89000825 | ||
| 020 | _a072361847X | ||
| 020 | _a0723614032 (pbk.) : | ||
| 082 | 0 | 0 |
_a616.01 _bSh198 |
| 090 |
_c3392 _d3392 |
||
| 100 | _aShanson, D. C. | ||
| 245 | 1 | 0 |
_aMicrobiology in clinical practice / _cD.C. Shanson ; with a foreword by D.C.E. Speller. |
| 250 | _a2nd ed. | ||
| 260 |
_aLondon ; _aBoston : _bWright, _cc1989. |
||
| 300 |
_axxii, 657 p. : _bill. ; _c24 cm. |
||
| 500 | _aDonations. | ||
| 500 | _aDonations - Bibliotheca Alexandrina. | ||
| 504 | _aIncludes bibliographies and index. | ||
| 650 | 0 | _aMedical microbiology. | |
| 650 | 0 |
_aBacterial Infections _xmicrobiology. |
|
| 650 | 0 | _aMicrobiology. | |
| 942 |
_cBB _k616.01Sh198 |
||
| 999 |
_c3392 _d3392 |
||